000 00529nam a2200193Ia 4500
001 69503
008 151103s9999||||xx |||||||||||||| ||und||
020 _a9780521104197
040 _cPK-LaUMT
082 _a 514
_bAGA-F
100 _aAgarwakm Ravi P.
245 _aFixed point theory and applications
_cAgarwakm Ravi P.|Meehan, Maria|O'Regan, Donal
260 _aCambridge,USA:
_bCambridge University Press,
_c2001
300 _a170 p.
546 _aEN
700 _aMeehan, Maria
700 _aO'Regan, Donal
942 _cBK
999 _c78484
_d78484